Buildings and climate change (Record no. 78877)

MARC details
000 -LEADER
fixed length control field 01361cab a22002055a 4500
001 - CONTROL NUMBER
control field L138468
008 - FIXED-LENGTH DATA ELEMENTS--GENERAL INFORMATION
fixed length control field 070611s2007 xxk 000 0 eng d
035 ## - SYSTEM CONTROL NUMBER
System control number (Sirsi) u138468
041 0# - LANGUAGE CODE
Language code of text/sound track or separate title eng
100 1# - MAIN ENTRY--PERSONAL NAME
Personal name Dixon, Tim
245 00 - TITLE STATEMENT
Title Buildings and climate change
Remainder of title research round-up
260 ## - PUBLICATION, DISTRIBUTION, ETC.
Date of publication, distribution, etc. 2007
490 ## - SERIES STATEMENT
Series statement Property Forecast
Volume/sequential designation 10(5) May 2007, 11-13(3)
520 ## - SUMMARY, ETC.
Summary, etc. Examines recent guidance which has looked at how buildings can be made more efficient and sustainable. Looks at the British Property Foundation's five step process to help landlords and managing energy agents improve the energy performance of their buildings, its les-ter project, and the landlord's energy statement. Briefly notes reports by the National Audit Office (L137656) and RICS (L137395) and provides a detailed appraisal of the United Nations Environment Programme (UNEP) report, "Buildings and climate change: status, challenges and opportunities" (L138489). The UNEP report covers both developed and developing countries and suggests that reducing energy use and improving energy efficiency in buildings can significantly help efforts to fight global warming.
590 ## - LOCAL NOTE (RLIN)
Local note KA
651 #4 - SUBJECT ADDED ENTRY--GEOGRAPHIC NAME
Geographic name INTERNATIONAL
690 ## - LOCAL SUBJECT ADDED ENTRY--TOPICAL TERM (OCLC, RLIN)
Topical term or geographic name as entry element ENVIRONMENTAL AND LAND CONSULTANCY-SUSTAINABILITY
690 ## - LOCAL SUBJECT ADDED ENTRY--TOPICAL TERM (OCLC, RLIN)
Topical term or geographic name as entry element ENVIRONMENTAL AND LAND CONSULTANCY-ENERGY-ENERGY USE-ENERGY EFFICIENCY
942 ## - ADDED ENTRY ELEMENTS (KOHA)
Suppress in OPAC 0
Holdings
Withdrawn status Lost status Source of classification or shelving scheme Damaged status Not for loan Home library Current library Shelving location Date acquired Total Checkouts Full call number Barcode Date last seen Copy number Price effective from Koha item type
    Dewey Decimal Classification     London London Journal article 11/06/2007   L138468 138468-1001 06/08/2019 1 06/08/2019 Journal article